La Europa de Hitler

Guardat en:
Dades bibliogràfiques
Autor principal: Toynbee, Arnold Joseph (autor)
Format: Llibre
Idioma:espanyol
Publicat: Madrid, España Sarpe 1985
Matèries:
Etiquetes: Afegir etiqueta
Sense etiquetes, Sigues el primer a etiquetar aquest registre!

MARC

LEADER 00000nam a2200000 a 4500
001 UCM3839
003 CL-VaPUC
005 20230526074336.0
008 020719e19850000SP |||||||||||||||||spa|d
999 |c 300903  |d 300901 
040 |c Pontificia Universidad Católica de Valparaíso 
082 0 4 |a 940.53 TOY 1985  |2 21 
100 |a Toynbee, Arnold Joseph   |e autor   |9 315218 
245 1 3 |a La Europa de Hitler 
260 |a Madrid, España  |b Sarpe  |c 1985 
300 |a 2 volúmenes 
583 |a last modification  |c 20160912 05:15:23  |k Rodrigo Vera 
600 0 7 |a HITLER, ADOLF  |2 CL-VaPUC  |9 314510 
650 7 |a HISTORIA DE EUROPA  |2 CL-VaPUC  |9 319599  |y SIGLO 20 
650 0 |a Historia contemporánea  |9 343224 
650 0 |a Segunda Guerra Mundial  |9 325982 
650 7 |a RESISTENCIA CIVIL  |2 CL-VaPUC  |9 255669  |z FRANCIA 
651 7 |a EUROPA OCCIDENTAL  |2 CL-VaPUC  |9 441573 
651 7 |a EUROPA ORIENTAL  |2 CL-VaPUC  |9 257534 
942 |c BK  |2 ddc 
945 |d 20020719 00:00:00  |a cmena 
952 |0 0  |1 0  |2 ddc  |4 0  |6 940_530000000000000_TOY_1985  |7 0  |8 A  |9 359295  |a BIBHIS  |b BIBHIS  |d 2019-11-21  |h v.2  |i 3826457  |o 940.53 TOY 1985  |p 3826457  |r 2025-01-20  |t 1  |w 2019-11-21  |y BK  |k HIS